000 00619nam a2200205Ia 4500
003 GCL
008 140319s9999 xx 000 0 ara d
040 _aGCL /
_cGCL
082 0 4 _a813.008
_bم ق
100 1 _aمحمد احمد جاد المولى
245 1 0 _aقصص العرب /
_cمحمد احمد جاد المولى
700 1 _aمحمد ابوالفضل ابراهيم
700 1 _aعلى محمد البجاوى
260 _a[S.N] :
_bدار الجيل
490 _a
650 0 4 _aالادب العربى
650 0 4 _aالقصص العربية
650 0 4 _aالمجموعات
942 _2ddc
_cBK
999 _c39702
_d39702